Co sděluje tzv. nová geografie světového obchodu
Nová geografia svetového obchodu ako potenciálna cesta k zlepšovaniu medzinárodných ekonomických vzťahov. Rast významu rozvojových štátov na svetových trhoch. Nárast v hodnote ázijského exportu. Obchod Juh-Juh ako dynamický komponent svetového obchodu. Riziká a limity.
Saved in:
| Main Author: | |
|---|---|
| Format: | Book Chapter |
| Language: | Czech |
| Subjects: | |
| Tags: |
No Tags, Be the first to tag this record!
|
MARC
| LEADER | 00000naa$a2200000$$$4500 | ||
|---|---|---|---|
| 001 | 0054050 | ||
| 005 | 20231016092928.7 | ||
| 041 | 0 | |a cze | |
| 044 | |a CZ | ||
| 245 | 1 | 0 | |a Co sděluje tzv. nová geografie světového obchodu |c Jaroslav Foltýn |
| 520 | |a Nová geografia svetového obchodu ako potenciálna cesta k zlepšovaniu medzinárodných ekonomických vzťahov. Rast významu rozvojových štátov na svetových trhoch. Nárast v hodnote ázijského exportu. Obchod Juh-Juh ako dynamický komponent svetového obchodu. Riziká a limity. | ||
| 610 | 2 | 0 | |a obchod svetový |
| 610 | 2 | 0 | |a geografia |
| 610 | 2 | 0 | |a vzťahy medzinárodné |
| 610 | 2 | 0 | |a vývoz |
| 610 | 2 | 0 | |a riziko obchodné |
| 610 | 2 | 0 | |a limity |
| 610 | 2 | 0 | |a Ázia |
| 100 | 1 | |a Foltýn, Jaroslav | |